| 000 | 00473nam a2200181Ia 4500 | ||
|---|---|---|---|
| 008 | 230524s9999 xx 000 0 und d | ||
| 020 | _a9788120333055 | ||
| 082 |
_a658.162 _bCLO |
||
| 100 | _aKenneth E.Clow | ||
| 245 | 0 | _a"Integrated Advertising, Promotion, And Marketing Communications" | |
| 250 | _aIST | ||
| 260 |
_aNEW DELHI _bPHI _c2007 |
||
| 300 | _aXII;505 | ||
| 500 | _aQuantity Number: 2 | ||
| 650 | _aManagement | ||
| 700 | _a Donald Baack | ||
| 942 | _cBK | ||
| 999 |
_c43160 _d43160 |
||